Statistics for All-Time Chicago Blackhawks

Click here to take the quiz!

General Stats

  • This quiz has been taken 118 times
  • The average score is 7 of 13

Answer Stats

PositionAnswer% Correct
2nd Line LWKane
96%
2nd Line CToews
92%
1st Line RWHull
82%
2nd Line DKeith
82%
1st Line CMikita
75%
Backup GoalieEsposito
61%
1st Line DChelios
45%
1st Line LWRoenick
41%
Starting GoalieHall
31%
1st Line DPilote
26%
CoachQuenville
23%
2nd Line RWAmonte
13%
2nd Line DMurray
3%

Score Distribution

Percentile by Number Answered

Percent of People with Each Score

Your Score History

You have not taken this quiz